000 00838cab a2200253 4500
001 ABS59177
008 090401t1998 xxu||||| |||| 00| 0 eng d
035 _a(Sirsi) u88067
041 _aeng
100 _aHarris, M.
245 _aInternet and the law: Web of intrigue
260 _c1998
350 _a0
490 _aEstates Gazette
_v(9833) 15 August 1998, 68-70(3)
520 _aLooks at the legal difficulties and uncertainties users face when they set up an internet site such as choosing a domain name, structuring the site and the legal perspective on international access to the site.
650 _aACCESS
650 _aDOMAIN NAME
650 _aINTERNET
650 _aLEGAL ISSUES
650 _aWEB SITES
690 _aMANAGEMENT-BUSINESS MANAGEMENT-INFORMATION MANAGEMENT
942 _n0
948 _c20/08/1998
999 _c55619
_d55619